00656nam a22002057a 450000500170000001000150001702000260003203500140005803700130007208200100008510000210009524501030011625000130021926000250023227000840025730000280034150000410036970000210041070000190043120181020114810.0 aENG-124338 a9789353065805c599.00 aEN-107870 bDBAD/PUB a302.2 aBeebe, Steven A. aCommunication:cby Steven A. Beebe; Susan J. Beebe [and] Diana K. Ivybprinciples for a lifetime / a6th. ed. aNoidabPearsonc2018 a15th Floor, Tower B, Worls Trade Tower, Plot No.1, Block -CbNoida (UP)e201301 a470p.c27cm.(pbk)bill. aIt includes Notes, Credits and index a Beebe, Susan J. a Ivy, Diana K.